Provinces of Japan Map Quiz - Statistics

General Stats
  • This quiz has been taken 464 times
  • The average score is 20 of 68
Answers on the Map
Answers color-coded by a green-red scale on the quiz's map according to % correct below.
 
Answer Stats
Answer % Correct
Tsushima [対馬国]
43%
Mutsu [陸奥国]
41%
Yamato [大和国]
41%
Awaji [淡路国]
38%
Echigo [越後国]
38%
Sado [佐渡国]
38%
Satsuma [薩摩国]
38%
Izu [伊豆国]
37%
Shinano [信濃国]
36%
Dewa [出羽国]
35%
Etchū [越中国]
35%
Ise [伊勢国]
35%
Hitachi [常陸国]
34%
Kai [甲斐国]
34%
Musashi [武蔵国]
34%
Noto [能登国]
34%
Tosa [土佐国]
34%
Echizen [越前国]
33%
Suruga [駿河国]
33%
Nagato [長門国]
32%
Shima [志摩国]
32%
Izumo [出雲国]
30%
Kōzuke [上野国]
30%
Mino [美濃国]
30%
Oki [隠岐国]
30%
Owari [尾張国]
30%
Settsu [摂津国]
30%
Awa (Ashū) [阿波国]
29%
Bingo [備後国]
29%
Hyūga [日向国]
29%
Aki [安藝國/安芸国]
28%
Awa (Bōshū) [安房国]
28%
Bitchū [備中国]
28%
Kii [紀伊国]
28%
Mikawa [三河国]
28%
Sagami [相模国]
28%
Shimotsuke [下野国]
28%
Yamashiro [山城国]
28%
Iga [伊賀国]
27%
Izumi [和泉国]
27%
Ōmi [近江国]
27%
Sanuki [讃岐国]
27%
Suō [周防国]
27%
Tanba [丹波国]
27%
Tango [丹後国]
27%
Wakasa [若狭国]
27%
Chikuzen [筑前国]
26%
Hida [飛騨国]
26%
Iki [壱岐国]
26%
Kawachi [河内国]
26%
Bizen [備前国]
25%
Harima [播磨国]
25%
Kaga [加賀国]
25%
Kazusa [上総国]
25%
Bungo [豊後国]
24%
Iwami [石見国]
24%
Iyo [伊予国]
24%
Shimōsa [下総の国]
24%
Tajima [但馬国]
24%
Chikugo [筑後国]
23%
Higo [肥後国]
23%
Hizen [肥前国]
23%
Tōtōmi [遠江国]
23%
Buzen [豊前国]
22%
Mimasaka [美作国]
22%
Ōsumi [大隅国]
22%
Hōki [伯耆国]
20%
Inaba [因幡国]
16%
No matching quizzes found
Score Distribution
Percent of People with Each Score
Percentile by Number Answered
Your Score History
You have not taken this quiz